000 00568nam a2200133Ia 4500
008 171212s9999 xx 000 0 und d
020 _a9781925022506
245 _ceditor Ingram, Sue;Kent, Lia;McWilliam, Andrew
_aA New Era?
_bTimor-Leste after the UN
260 _bANU E Press
_c2015
440 _aState, Society and Governance in Melanesia
650 _aHistory
650 _aTimor-Leste -- Politics and government; Timor-Leste -- Economic conditions -- 21st century; Timor-Leste -- Social conditions -- 21st century
856 _uhttp://jstor.org/stable/j.ctt183q3gn
999 _c350970
_d350970